Представление документа в формате RUSMARC

ПолеНазваниеЗначение
  Тип записи a
  Библиографический уровень a
001 Контрольный номер RU/CBS_Ul/BASE/478170268
005 Дата корректировки 20250122233008.5
100 Данные общей обработки __
a Данные общей обработки 20150225d2015 ||| 0rusy0189 ca
101 Язык документа 0_
a Язык текста rus
102 Страна публикации __
a Страна публикации RU
105 Кодированные данные (монография) __
a Кодированные данные (монография) y###||||000|y
200 Заглавие и сведения об ответственности 1_
a Заглавие Летописец Победы
b Общее обозначение материала Текст
e Сведения, относящиеся к заглавию [о Лидолии Константиновне Никитиной, рассказывает её однопартиец Дадаш Казымов]
f Первые сведения об ответственности А. Балаев
300 Общие примечания __
a Общие примечания Прил.: с. 14. - (Аргументы и факты в Ульяновске)
300 Общие примечания __
a Общие примечания Ограничения по возрасту - 16+
461 Уровень набора _0
1 2000
a Аргументы и факты
463 Уровень физической единицы _0
1 001RU/CBS_Ul/BASE/478169091
1 2000
a № 8 (18-24 февр.)
1 210
d 2015
600 Персоналии _0
a Персоналии (Фамилия) Никитина
b Персоналии (Имя, инициалы) Л. К.
606 Тематические рубрики 0_
a Основная рубрика Никитина, Лидолия Константиновна (1941)
610 Ключевые слова 0_
a Ключевые слова русские писатели
610 Ключевые слова 0_
a Ключевые слова литература о войне
a Ключевые слова поэтессы
610 Ключевые слова 0_
a Ключевые слова летописцы
686 Индексы других классификаций __
a Классификационный индекс 83.3(2Рос=Рус)6
2 Код системы ББК
700 Автор _1
a Фамилия Балаев
b Имя (инициалы) А.
g Полное личное имя Алексей
801 Источник записи _0
a Страна RU
b Организация МБУК ЦБС г. Ульяновска
c Дата составления 20150225
g Правила каталогизации RCR
801 Источник записи _1
a Страна RU
b Организация МБУК ЦБС г. Ульяновска
c Дата составления 20150225
g Правила каталогизации RCR
901 Тип документа __
t Тип документа f
w Контрольный № источника RU/CBS_Ul/BASE/478169091
910 Корректоры записи __
a Корректор записи Ильина
938 Служебная информация __
a Имя БД kraeved